00826nam a2200193 a 450000100100000000500170001000800410002704000250006808200130009324500970010626000770020330000360028050400320031650000740034870000420042270000400046495201110050499900170061500004321820201002040730.0140225s2012 pr ac 000 0 spa d aDO-SdBNPbspacBNPHU axxxbxxx03aUn siglo de lucha educativa /ceditores ; Eloy Antonio Ruiz-Rivera, Nilda García Santiago. aSan Juan, Puerto Rico :bAsociación de Maestros de Puerto Rico,c2012. a372 p. :bil., retrs. ;c28 cm. aBibliografía : p. 104-105 aIncluye referencias bibliográficas y notas al pie de las páginas.12aRuiz-Rivera, Eloy Antonioeed.97081112aNilda García Santiagoeed.970812 001050718MOaGRbGRcCTd2014-02-25iLF1l0oxxx xxxp43218-10r2020-06-25w2020-06-25y1ZNo se presta c42707d42707